Statistics for Blaise Diagne International Airport Destinations (Dakar, Senegal)

Click here to take the quiz!

General Stats

  • This quiz has been taken 15 times
  • The average score is 35 of 47

Answer Stats

AirlineDestination% Correct
Ethiopian AirlinesAddis Ababa
100%
Air AlegrieAlgiers
100%
Kenya AirwaysNairobi (Jomo Kenyatta)
100%
Air Cote d'Ivoire/Air Senegal/ASKY Airlines/Kenya Airways/Mauritania AirlinesAbidjan
90%
TUI fly NetherlandsAmsterdam
90%
Air Burkina/Air Cote d'Ivoire/Ethiopian Airlines/Mauritania AirlinesBamako
90%
Air Senegal/VuelingBarcelona
90%
Brussels Airlines/TUI fly BelgiumBrussels
90%
Air Senegal/Royal Air MarocCasablanca
90%
EmiratesDubai (International)
90%
Binter CanariasGran Canaria
90%
Turkish AirlinesIstanbul
90%
LuxairLuxembourg
90%
Air Senegal/TransaviaLyon
90%
IberiaMadrid
90%
Air Senegal/NeosMilan (Malpensa)
90%
Air Senegal/Delta Air LinesNew York (JFK)
90%
Air Senegal/Mauritania AirlinesNouakchott
90%
Air BurkinaOuagadougou
90%
Air France/Air SenegalParis (Charles de Gaulle)
90%
TransaviaParis (Orly)
90%
TunisairTunis
90%
Kenya AirwaysAccra
80%
Air Cote d'Ivoire/Air Senegal/Brussels Airlines/Mauritania Airlines/Transair/TunisairConakry
80%
Air Senegal/Mauritania Airlines/TransairFreetown
80%
ASKY AirlinesLome
80%
TUI AirwaysLondon (Gatwick)
80%
Air SenegalMarseille
80%
NeosRome (Fiumicino)
80%
NeosVerona
80%
Air Senegal/Brussels Airlines/TransairBanjul
70%
AlbaStarBergamo
70%
Air Cote d'Ivoire/Air Senegal/ASKY Airlines/TransairBissau
70%
TUI fly DeutschlandDusseldorf
70%
CEIBA IntercontinentalMalabo
70%
TransaviaNantes
70%
Air Senegal/ASKY Airlines/TransairPraia
70%
Air Senegal/CEIBA IntercontinentalCotonou
60%
Air SenegalDouala
60%
SmartwingsBratislava
50%
Air SenegalLibreville
50%
Air Senegal/TransairCap Skirring
40%
TAP Air PortugalLison
40%
Air Senegal/TransairZiguinchor
30%
TransairTambacounda
20%
TransairKedougou
10%
TransairKolda
10%

Score Distribution

Percentile by Number Answered

Percent of People with Each Score

Your Score History

You have not taken this quiz